Can you name the lyrics to Open Up Your Eyes (MLP movie) - Statistics

General Stats
  • This quiz has been taken 41 times
    35 since last reset
  • The average score is 150 of 213
Answer Stats
Answer % Correct
A
100%
It’s
100%
It’s
100%
Learned
100%
Lesson
100%
Time
100%
Time
100%
Understand
100%
You
100%
Anybody
93%
Else
93%
Eyes
93%
Open
93%
See
93%
That
93%
The
93%
Up
93%
World
93%
You
93%
Your
93%
A
86%
Blind
86%
But
86%
Count
86%
Don’t
86%
Ever
86%
Eyes
86%
Find
86%
For
86%
Friendship
86%
I
86%
I
86%
Land
86%
On
86%
Once
86%
Open
86%
Place
86%
Someone
86%
Those
86%
To
86%
Up
86%
Was
86%
Where
86%
Who
86%
Your
86%
Among
79%
Among
79%
And
79%
Childish
79%
Come
79%
Eyes
79%
From
79%
Get
79%
Grow
79%
Hoped
79%
In
79%
It’s
79%
Kind
79%
Little
79%
Me
79%
Mighty
79%
My
79%
Now
79%
Of
79%
One
79%
Open
79%
Other
79%
Stand
79%
The
79%
This
79%
Time
79%
To
79%
Up
79%
Up
79%
Were
79%
Wishes
79%
Your
79%
Any
71%
At
71%
Caged
71%
Come
71%
Command
71%
Eyes
71%
Eyes
71%
Eyes
71%
Eyes
71%
I
71%
Little
71%
My
71%
Now
71%
One
71%
Open
71%
Open
71%
Open
71%
Open
71%
Or
71%
See
71%
The
71%
The
71%
Up
71%
Up
71%
Up
71%
Up
71%
Where
71%
Wise
71%
World
71%
You
71%
Your
71%
Your
71%
Your
71%
Your
71%
All
64%
Alone
64%
Among
64%
And
64%
Best
64%
Depend
64%
Fantasy
64%
Find
64%
From
64%
Get
64%
Give
64%
Grow
64%
If
64%
Is
64%
It’s
64%
Land
64%
Me
64%
Mighty
64%
Naive
64%
Never
64%
On
64%
Others
64%
Place
64%
Same
64%
Simple
64%
Stand
64%
Start
64%
Survive
64%
Sweet
64%
The
64%
The
64%
Time
64%
To
64%
To
64%
Trust
64%
Up
64%
Up
64%
Way
64%
With
64%
You
64%
You’ll
64%
Your
64%
Your
64%
A
57%
A
57%
All
57%
All
57%
And
57%
At
57%
Caged
57%
Clearly
57%
Comes
57%
Command
57%
Face
57%
Fair
57%
First
57%
From
57%
It
57%
Just
57%
Life’s
57%
Many
57%
Moment
57%
Must
57%
My
57%
Not
57%
Or
57%
Out
57%
See
57%
Shielded
57%
Simple
57%
So
57%
Step
57%
That
57%
That
57%
That
57%
The
57%
The
57%
Then
57%
There
57%
Truth
57%
Ways
57%
We
57%
Wise
57%
You
57%
You
57%
You
57%
You
57%
A
50%
All
50%
And
50%
Behold
50%
But
50%
Faded
50%
Light
50%
Own
50%
Path
50%
Take
50%
That’s
50%
The
50%
Upon
50%
Your
50%
As
43%
No matching quizzes found
Score Distribution
Percent of People with Each Score
Percentile by Number Answered
Your Score History
You have not taken this quiz since the last reset